000 00530nam a22001817a 4500
005 20170704111952.0
010 _aENG-119098
020 _a9789389393361
_c475.00
035 _aEN-102630
037 _bDBAD/PUB
082 _a621.4
100 _aSharma,H.C.
245 _aNuclear Energy /
_cby H.C.Sharma
260 _aAllahabad
_bSankat Prakashan
_c2015
270 _a5 Upendra Nath Ashk Marg (Old Khusrobagh Road) Allahabad
_bAllahabad
_e211001
300 _a152p
_b23cm(Hb)
942 _2ddc
_cEN
_h621.4
_mSHA
999 _c142264
_d142264